000 00718nam a2200229Ia 4500
003 OSt
005 20220925200253.0
006 a|||||r|||| 00| 0
007 ta
008 220923b |||||||| |||| 00| 0 eng d
037 _cGeneral Book
040 _aRTL
_cRTL
_beng
041 _2eng
_aeng
082 _aa55,12,N82<-N47, M5.1-M5.2/BB
100 _aSINGH Mohinder
_9193497
245 0 _aState Governments publications in India,1947-1982.
260 _aDelhi
_bAcademic
_c1985
300 _a659p
_ccm.
490 _a(Academic series in Library and Information Science.3).
942 _ha55,12,N82<-N47, M5.1-M5.2/BB
_cGB
_2CC
999 _c535989
_d535989